01245 a2200193 45000010006000000050017000060080041000230030015000640400040000790800073001192450073001922640030002653000019002955050657003140410008009711000023009797000022010027000027010246337120260407155931.0260407a1969 arg spa dAR-UNSa-BCEJYS aAR-UNSa-BCEJYSbspacAR-UNSa-BCEJYS a510xConsideraciones fundamentales y generales de las matemáticas 10aMatemática finitapCon aplicaciones a las ciencias administrativas 1aMéxico :bTrillasc1969 a476 p.c23 cm. a1. Proposiciones – 2. Conjuntos – 3. Conteo: permutaciones y combinaciones – 4. Probabilidad – 5. Relaciones y funciones – 6. Desigualdades e introducción a la programación lineal – 7. Ecuaciones lineales, matrices y determinantes – 8. Algunas relaciones no lineales: graficas, cuadráticas, exponenciales y logarítmicas – 9. Sucesiones, límites y sumación – 10. Espacios vectoriales, matrices, dependencia lineal y bases – 11. El rango, las ecuaciones lineales; su solución general – 12. Método simplicial de programación lineal: teoría – 13. Método simplicial de programación lineal: aplicación –  aspa1 aKattsoff, Louis O.1 aSimone, Albert J.1 aVelasco Coba, Federico